[Event "Winnipeg TNT April op"]
[Site "Winnipeg"]
[Date "2012.04.10"]
[Round "2"]
[White "Mundwiler, Les"]
[Black "Wasserman, Leor"]
[Result "1/2-1/2"]
[WhiteElo "2085"]
[BlackElo "1912"]
[PlyCount "141"]
[EventDate "2012.04.03"]
[EventType "swiss"]
[EventRounds "4"]
[EventCountry "CAN"]
[SourceTitle "EXT 2022"]
[Source "ChessBase"]
[SourceDate "2021.10.06"]
[SourceVersion "1"]
[SourceVersionDate "2021.10.06"]
[SourceQuality "1"]

1. d4 Nf6 2. c4 e5 3. d5 Bc5 4. Nc3 0-0 5. h3 h6 6. a3 d6 7. e3 Bf5 8. Bd3 Bxd3 9. Qxd3 c6 10. Nge2 cxd5 11. Nxd5 Nbd7 12. b4 Bb6 13. Bb2 Nxd5 14. Qxd5 Qc7 15. Rc1 Nf6 16. Qf3 a5 17. b5 Rac8 18. 0-0 Rfd8 19. Ng3 Qe7 20. Rfd1 Rd7 21. Qf5 Rdc7 22. Qd3 Rd8 23. Qb1 g6 24. Ne4 Nxe4 25. Qxe4 Rdc8 26. a4 Bc5 27. Kh1 Qe6 28. Qd5 Qxd5 29. cxd5 f5 30. Kg1 Kf7 31. Kf1 Bb4 32. Rxc7+ Rxc7 33. Rc1 Rxc1+ 34. Bxc1 Ke7 35. e4 f4 36. Ke2 b6 37. g3 g5 38. Kf3 fxg3 39. fxg3 Kf6 40. h4 Bc5 41. hxg5+ hxg5 42. Kg4 Kg6 43. Bxg5 Bb4 44. Bd8 Bc5 45. Bc7 Kf6 46. Bd8+ Kg6 47. Bg5 Bf2 48. Bd2 Bd4 49. Be1 Bc5 50. Kh4 Be3 51. g4 Bg5+ 52. Kh3 Be3 53. Bh4 Bc5 54. Bd8 Bd4 55. Bc7 Bc5 56. Bd8 Bd4 57. g5 Kh5 58. Kg3 Bc5 59. Kf3 Bd4 60. Ke2 Bc5 61. Kd3 Bf2 62. Kc4 Bc5 63. Bf6 Kg6 64. Kd3 Kh5 65. Ke2 Bd4 66. Kf3 Bc3 67. Ke3 Bd4+ 68. Kf3 Bc3 69. Ke3 Bd4+ 70. Kd3 Bc5 71. Ke2 1/2-1/2

[Event "Winnipeg TNT March op"]
[Site "Winnipeg"]
[Date "2012.03.27"]
[Round "4"]
[White "Li, Kevin"]
[Black "Mundwiler, Les"]
[Result "1-0"]
[WhiteElo "2219"]
[BlackElo "2087"]
[PlyCount "69"]
[EventDate "2012.03.06"]
[EventType "swiss"]
[EventRounds "4"]
[EventCountry "CAN"]
[SourceTitle "EXT 2022"]
[Source "ChessBase"]
[SourceDate "2021.10.06"]
[SourceVersion "1"]
[SourceVersionDate "2021.10.06"]
[SourceQuality "1"]

1. e4 e5 2. Nf3 Nc6 3. Bb5 Nd4 4. Nxd4 exd4 5. 0-0 c6 6. Bc4 Nf6 7. d3 b5 8. Bb3 d6 9. a4 b4 10. Qe1 a5 11. e5 dxe5 12. Qxe5+ Be7 13. Re1 Kf8 14. Bf4 Ra7 15. Nd2 Ba6 16. Nf3 Rd7 17. Ng5 Nd5 18. Qf5 Bxg5 19. Bxg5 Qc7 20. Qe4 Nf6 21. Bxf6 gxf6 22. Qh4 Kg7 23. Re4 h5 24. Rf4 Qd6 25. Qg3+ Kf8 26. Re1 Rd8 27. Rf5 Qxg3 28. hxg3 Kg7 29. Rxa5 Bc8 30. Re7 h4 31. Rxf7+ Kg6 32. Rc7 Rdf8 33. gxh4 Rxh4 34. Ra8 Rfh8 35. f3 1-0

[Event "Winnipeg TNT February op"]
[Site "Winnipeg"]
[Date "2012.02.28"]
[Round "4"]
[White "Mundwiler, Les"]
[Black "Lipnowski, Samuel"]
[Result "1/2-1/2"]
[WhiteElo "2073"]
[BlackElo "2234"]
[PlyCount "101"]
[EventDate "2012.02.07"]
[EventType "swiss"]
[EventRounds "4"]
[EventCountry "CAN"]
[SourceTitle "EXT 2022"]
[Source "ChessBase"]
[SourceDate "2021.10.06"]
[SourceVersion "1"]
[SourceVersionDate "2021.10.06"]
[SourceQuality "1"]

1. d4 d5 2. c4 e6 3. Nf3 Nf6 4. g3 Be7 5. Bg2 0-0 6. b3 c5 7. dxc5 dxc4 8. Qc2 Qa5+ 9. Qc3 Qxc3+ 10. Nxc3 cxb3 11. axb3 Bxc5 12. 0-0 Nc6 13. Na4 Bb4 14. Nb6 Rb8 15. Nxc8 Rbxc8 16. Bb2 a6 17. Rfc1 h6 18. Rc4 Be7 19. Nd2 Nd5 20. Ne4 Ncb4 21. Rac1 Nb6 22. Rc7 Rxc7 23. Rxc7 N6d5 24. Rxb7 Rc8 25. Nd2 Rc2 26. Nc4 Rxe2 27. Kf1 Rc2 28. Be4 Bc5 29. Bxc2 Nxc2 30. Rb8+ Kh7 31. Ra8 Ncb4 32. Rc8 Nd3 33. Ke2 N5b4 34. Bc3 Nc1+ 35. Kd1 Nxb3 36. Rxc5 Nxc5 37. Bxb4 Nd3 38. Be1 Kg6 39. Ke2 Nxe1 40. Kxe1 Kf5 41. Nd6+ Ke5 42. Nxf7+ Kd5 43. f4 a5 44. Kd2 Ke4 45. Nd8 Kf5 46. Nc6 a4 47. Nd4+ Kf6 48. h4 e5 49. Ne2 exf4 50. Nxf4 Kf5 51. h5 1/2-1/2

[Event "Winnipeg TNT February op"]
[Site "Winnipeg"]
[Date "2012.02.21"]
[Round "3"]
[White "Mundwiler, Les"]
[Black "Moncal, Nilo"]
[Result "0-1"]
[WhiteElo "2073"]
[BlackElo "2137"]
[PlyCount "70"]
[EventDate "2012.02.07"]
[EventType "swiss"]
[EventRounds "4"]
[EventCountry "CAN"]
[SourceTitle "EXT 2022"]
[Source "ChessBase"]
[SourceDate "2021.10.06"]
[SourceVersion "1"]
[SourceVersionDate "2021.10.06"]
[SourceQuality "1"]

1. d4 Nf6 2. c4 c5 3. e3 e6 4. Nf3 d5 5. a3 Nc6 6. Nc3 cxd4 7. exd4 Be7 8. c5 a6 9. Bd3 0-0 10. Na4 Nd7 11. h4 f5 12. Bg5 h6 13. Bd2 Bf6 14. Bc3 b5 15. cxb6 Nxb6 16. Nc5 Re8 17. Qc2 Nd7 18. 0-0 Nxc5 19. dxc5 Bxh4 20. Qa4 Bxf2+ 21. Rxf2 Bd7 22. Qh4 Qxh4 23. Nxh4 g5 24. Nf3 e5 25. Nxe5 Nxe5 26. Bxf5 Bb5 27. Rd1 Bc6 28. Re1 d4 29. Bd2 Kg7 30. Rfe2 Nc4 31. Bc1 a5 32. Be6 d3 33. Rf2 Rad8 34. Bd2 Nxd2 35. Rxd2 Rd4 0-1

[Event "Winnipeg TNT January op"]
[Site "Winnipeg"]
[Date "2012.01.10"]
[Round "1"]
[White "Atkinson, Barry"]
[Black "Mundwiler, Les"]
[Result "0-1"]
[WhiteElo "1511"]
[BlackElo "2072"]
[PlyCount "42"]
[EventDate "2012.01.10"]
[EventType "swiss"]
[EventRounds "4"]
[EventCountry "CAN"]
[SourceTitle "EXT 2022"]
[Source "ChessBase"]
[SourceDate "2021.10.06"]
[SourceVersion "1"]
[SourceVersionDate "2021.10.06"]
[SourceQuality "1"]

1. e4 e5 2. Nf3 Nc6 3. Bb5 a6 4. Ba4 Nf6 5. 0-0 Be7 6. Re1 b5 7. Bb3 0-0 8. c3 d5 9. exd5 Nxd5 10. Nxe5 Nxe5 11. Rxe5 c6 12. d4 Bd6 13. Re1 Qh4 14. g3 Qh3 15. Qf3 Bg4 16. Qg2 Qh5 17. Bd2 Rae8 18. Na3 Bf3 19. Qf1 Bf4 20. Bxd5 Bxd5 21. Bxf4 Qf3 0-1

[Event "Winnipeg TNT October"]
[Site "Winnipeg"]
[Date "2011.10.25"]
[Round "4"]
[White "Boron, Anthony"]
[Black "Mundwiler, Les"]
[Result "1-0"]
[WhiteElo "2023"]
[BlackElo "2091"]
[PlyCount "73"]
[EventDate "2011.10.04"]
[EventType "swiss"]
[EventRounds "4"]
[EventCountry "CAN"]
[SourceTitle "EXT 2023"]
[Source "ChessBase"]
[SourceDate "2022.10.05"]
[SourceVersion "1"]
[SourceVersionDate "2022.10.05"]
[SourceQuality "1"]

1. e4 c5 2. d4 cxd4 3. c3 d3 4. Bxd3 d6 5. Nf3 Nf6 6. 0-0 Nc6 7. Na3 a6 8. h3 e6 9. Bg5 h6 10. Bh4 g5 11. Bg3 g4 12. hxg4 Nxg4 13. Nd4 h5 14. Nxc6 bxc6 15. Nc2 e5 16. f3 h4 17. Be1 Qb6+ 18. Kh1 Ne3 19. Nxe3 Qxe3 20. Qe2 Qf4 21. Bd2 Qg3 22. Qf2 Be7 23. Bc4 Be6 24. Bb3 Kd7 25. f4 Rag8 26. f5 Bxb3 27. axb3 h3 28. Qa7+ Ke8 29. Qa8+ Bd8 30. Qxc6+ Kf8 31. Qxd6+ Be7 32. Bh6+ Rxh6 33. Qxh6+ Rg7 34. Qxh3 Qg5 35. Rxa6 f6 36. Ra8+ Kf7 37. g4 1-0

[Event "Winnipeg TNT October"]
[Site "Winnipeg"]
[Date "2011.10.18"]
[Round "3"]
[White "Mundwiler, Les"]
[Black "Bince, Rolando"]
[Result "0-1"]
[WhiteElo "2091"]
[BlackElo "2111"]
[PlyCount "134"]
[EventDate "2011.10.04"]
[EventType "swiss"]
[EventRounds "4"]
[EventCountry "CAN"]
[SourceTitle "EXT 2023"]
[Source "ChessBase"]
[SourceDate "2022.10.05"]
[SourceVersion "1"]
[SourceVersionDate "2022.10.05"]
[SourceQuality "1"]

1. d4 Nf6 2. c4 e6 3. a3 c5 4. e3 Nc6 5. Nf3 d5 6. Nc3 b6 7. cxd5 exd5 8. Bb5 Bb7 9. Ne5 Qc7 10. 0-0 a6 11. Bxc6+ Bxc6 12. Nxc6 Qxc6 13. dxc5 bxc5 14. Qf3 Rd8 15. Rd1 Be7 16. Bd2 0-0 17. Be1 Bd6 18. g3 Be5 19. Rac1 Rfe8 20. Rc2 h6 21. Ne2 Qa4 22. Rdc1 Ne4 23. h4 Rd6 24. Nc3 Nxc3 25. Bxc3 Rf6 26. Qxd5 Bxc3 27. Rxc3 Qg4 28. Rc4 Qe2 29. R4c2 Qg4 30. Rxc5 Qe2 31. R5c2 Qg4 32. Qd1 Rf3 33. Kg2 Rexe3 34. Qd6 Qe4 35. Kg1 Rd3 36. Qb8+ Kh7 37. Rc3 Qd4 38. Rxd3 Qxf2+ 39. Kh1 Rxd3 40. Qf4 Rf3 41. Qe4+ g6 42. Rg1 h5 43. Rg2 Qf1+ 44. Kh2 Rd3 45. Qe2 Qf5 46. Rf2 Qd5 47. Rxf7+ Qxf7 48. Qxd3 Qf2+ 49. Kh1 Qxb2 50. Qxa6 Qb1+ 51. Kg2 Qa2+ 52. Kf3 Kg7 53. Qa7+ Kg8 54. Qb8+ Kh7 55. Qb4 Qd5+ 56. Qe4 Qb3+ 57. Qe3 Qd5+ 58. Kf2 Qa2+ 59. Kf3 Qd5+ 60. Kf2 Qa2+ 61. Kg1 Qb1+ 62. Kg2 Qa2+ 63. Kh3 Qb1 64. Qe7+ Kh6 65. Qf8+ Kh7 66. Qf7+ Kh6 67. a4 Qh1# 0-1

[Event "Winnipeg TNT September"]
[Site "Winnipeg"]
[Date "2011.09.20"]
[Round "3"]
[White "Campbell, Gary"]
[Black "Mundwiler, Les"]
[Result "0-1"]
[WhiteElo "1729"]
[BlackElo "2064"]
[PlyCount "60"]
[EventDate "2011.09.06"]
[EventType "swiss"]
[EventRounds "4"]
[EventCountry "CAN"]
[SourceTitle "EXT 2023"]
[Source "ChessBase"]
[SourceDate "2022.10.05"]
[SourceVersion "1"]
[SourceVersionDate "2022.10.05"]
[SourceQuality "1"]

1. d4 Nf6 2. c4 d6 3. Nc3 Nbd7 4. Nf3 e5 5. e4 c6 6. dxe5 dxe5 7. Be2 h6 8. 0-0 Be7 9. Qc2 Qc7 10. b3 Nh5 11. Bb2 Nf4 12. Rfe1 g5 13. Bf1 g4 14. Nd2 h5 15. g3 Nh3+ 16. Bxh3 gxh3 17. Nf3 h4 18. Nd1 hxg3 19. fxg3 f6 20. Ne3 Bc5 21. Kh1 Nf8 22. Nf5 Ng6 23. a3 a5 24. b4 axb4 25. axb4 Rxa1 26. Rxa1 Bxb4 27. Ra8 0-0 28. c5 Bxf5 29. Rxf8+ Nxf8 30. exf5 Qf7 0-1

[Event "Winnipeg TNT August op"]
[Site "Winnipeg"]
[Date "2011.08.16"]
[Round "2"]
[White "Mundwiler, Les"]
[Black "Pang, Michael"]
[Result "1-0"]
[WhiteElo "2097"]
[BlackElo "1829"]
[PlyCount "59"]
[EventDate "2011.08.09"]
[EventType "swiss"]
[EventRounds "4"]
[EventCountry "CAN"]
[SourceTitle "EXT 2022"]
[Source "ChessBase"]
[SourceDate "2021.10.06"]
[SourceVersion "1"]
[SourceVersionDate "2021.10.06"]
[SourceQuality "1"]

1. Nf3 Nf6 2. d3 d5 3. Nbd2 Nc6 4. e4 Bg4 5. c3 e5 6. h3 Bh5 7. Qc2 Bc5 8. b4 Bd6 9. Be2 a6 10. Bb2 0-0 11. 0-0 dxe4 12. dxe4 Qe7 13. Rfe1 Nd8 14. Nh4 Bg6 15. g3 b5 16. a4 Rb8 17. axb5 axb5 18. Ra5 c6 19. Rea1 Ne6 20. Nf5 Bxf5 21. exf5 Nc7 22. Bf3 Ncd5 23. Ne4 Bc7 24. Ra7 Nxe4 25. Bxe4 Qd6 26. Bc1 Bb6 27. R7a6 Rfd8 28. Bd2 Nxb4 29. cxb4 Qxd2 30. Qxd2 1-0

[Event "Winnipeg TNT June op"]
[Site "Winnipeg"]
[Date "2011.06.14"]
[Round "2"]
[White "Bince, Rolando"]
[Black "Mundwiler, Les"]
[Result "0-1"]
[WhiteElo "2090"]
[BlackElo "2049"]
[PlyCount "90"]
[EventDate "2011.06.07"]
[EventType "swiss"]
[EventRounds "4"]
[EventCountry "CAN"]
[SourceTitle "EXT 2022"]
[Source "ChessBase"]
[SourceDate "2021.10.06"]
[SourceVersion "1"]
[SourceVersionDate "2021.10.06"]
[SourceQuality "1"]

1. e4 e5 2. f4 exf4 3. Nf3 Ne7 4. d4 Ng6 5. h4 h5 6. Bc4 Be7 7. Qe2 d6 8. Qf2 Bg4 9. Nbd2 c6 10. Ng5 Bxg5 11. hxg5 Qxg5 12. Nf3 Qe7 13. 0-0 0-0 14. Bd3 Nd7 15. Nh2 f5 16. Re1 Qg5 17. Bd2 fxe4 18. Bxe4 Bf5 19. Nf3 Qg4 20. Nh2 Qg3 21. Nf1 Qxf2+ 22. Kxf2 d5 23. Bxf5 Rxf5 24. Re6 Kf7 25. Rae1 Nf6 26. R6e2 Ne4+ 27. Kg1 Nh4 28. Nh2 g5 29. Nf3 Ng6 30. Bb4 g4 31. Nd2 f3 32. gxf3 gxf3 33. Nxe4 dxe4 34. Rf2 Re8 35. Bd2 Nf4 36. Bxf4 Rxf4 37. Re3 Rg8+ 38. Kf1 Rh4 39. Ke1 Rg2 40. Rxg2 fxg2 41. Kf2 Rg4 42. Kg1 Ke6 43. c4 Kf5 44. b4 Kf4 45. Re1 Kf3 0-1

[Event "Winnipeg TNT June op"]
[Site "Winnipeg"]
[Date "2011.06.07"]
[Round "1"]
[White "Mundwiler, Les"]
[Black "Wolchock, Theo"]
[Result "1/2-1/2"]
[WhiteElo "2049"]
[BlackElo "1660"]
[PlyCount "81"]
[EventDate "2011.06.07"]
[EventType "swiss"]
[EventRounds "4"]
[EventCountry "CAN"]
[SourceTitle "EXT 2022"]
[Source "ChessBase"]
[SourceDate "2021.10.06"]
[SourceVersion "1"]
[SourceVersionDate "2021.10.06"]
[SourceQuality "1"]

1. d4 e6 2. g3 Nf6 3. Bg2 Be7 4. Nf3 0-0 5. 0-0 Nc6 6. c4 d5 7. Bg5 Re8 8. Qc2 h6 9. Bxf6 Bxf6 10. Rd1 Bd7 11. a3 a5 12. cxd5 exd5 13. Nc3 Be6 14. Na4 Bg4 15. e3 Qd7 16. Nc5 Qc8 17. Rac1 Ne7 18. e4 b6 19. e5 Bg5 20. Nxg5 Bxd1 21. Qh7+ Kf8 22. Nce6+ fxe6 23. Rxc7 hxg5 24. Rxc8 Rexc8 25. Qd3 Rc1 26. Qd2 Rac8 27. h3 Bf3+ 28. Kh2 Bxg2 29. Kxg2 R1c2 30. Qxg5 Rxb2 31. h4 Rcc2 32. h5 Rxf2+ 33. Kh3 Rbd2 34. Qe3 Nf5 35. Qc3 Rh2+ 36. Kg4 Rc2 37. Qe1 Nh6+ 38. Kg5 Nf7+ 39. Kg6 Nh8+ 40. Kg5 Nf7+ 41. Kg6 1/2-1/2

[Event "Winnipeg TNT May op"]
[Site "Winnipeg"]
[Date "2011.05.31"]
[Round "5"]
[White "Mundwiler, Les"]
[Black "Moncal, Nilo"]
[Result "0-1"]
[WhiteElo "2071"]
[BlackElo "2056"]
[PlyCount "94"]
[EventDate "2011.05.03"]
[EventType "swiss"]
[EventRounds "5"]
[EventCountry "CAN"]
[SourceTitle "EXT 2022"]
[Source "ChessBase"]
[SourceDate "2021.10.06"]
[SourceVersion "1"]
[SourceVersionDate "2021.10.06"]
[SourceQuality "1"]

1. e4 e6 2. d4 d5 3. Nc3 Nf6 4. Bg5 Be7 5. e5 Nfd7 6. Bxe7 Qxe7 7. f4 a6 8. Nf3 c5 9. dxc5 Qxc5 10. Qd4 Nc6 11. Qxc5 Nxc5 12. 0-0-0 b5 13. Nd4 Bb7 14. Nxc6 Bxc6 15. Rd4 Ke7 16. a3 Rac8 17. b4 Nd7 18. Bd3 Nb6 19. Re1 Bb7 20. Nd1 Rc7 21. h4 Rhc8 22. h5 Nc4 23. Bxc4 Rxc4 24. Rxc4 Rxc4 25. g3 d4 26. Re2 Bf3 27. Rd2 Bxh5 28. Nb2 Rc3 29. Rd3 Be2 30. Rd2 Bf1 31. Rd1 Rxa3 32. Rxd4 Rxg3 33. Rd6 Rf3 34. Rd4 h5 35. Kd2 Rf2+ 36. Kc1 h4 37. Nd1 Rf3 38. f5 h3 39. f6+ gxf6 40. exf6+ Kxf6 41. Rh4 Be2 42. Nb2 Kg5 43. Rh8 Kg4 44. Kd2 Bc4 45. Nd1 f5 46. Rg8+ Kf4 47. Rh8 e5 0-1

[Event "Winnipeg TNT April op"]
[Site "Winnipeg"]
[Date "2011.04.19"]
[Round "3"]
[White "Mundwiler, Les"]
[Black "Kernetsky, Myron"]
[Result "1-0"]
[WhiteElo "2019"]
[BlackElo "2034"]
[PlyCount "77"]
[EventDate "2011.04.05"]
[EventType "swiss"]
[EventRounds "4"]
[EventCountry "CAN"]
[SourceTitle "EXT 2022"]
[Source "ChessBase"]
[SourceDate "2021.10.06"]
[SourceVersion "1"]
[SourceVersionDate "2021.10.06"]
[SourceQuality "1"]

1. e4 e6 2. d4 d5 3. exd5 exd5 4. c4 Nf6 5. Nc3 Be7 6. Bd3 c6 7. Nge2 0-0 8. 0-0 dxc4 9. Bxc4 Nbd7 10. Re1 Nb6 11. Bb3 Nbd5 12. Bg5 Be6 13. Ng3 Re8 14. Bxf6 Bxf6 15. Nce4 Be7 16. Qf3 Qa5 17. Nh5 Nc7 18. d5 Bxd5 19. Qg3 Ne6 20. Nef6+ Bxf6 21. Nxf6+ Kh8 22. Nxe8 Rxe8 23. h3 Kg8 24. Rad1 Rd8 25. Re5 h6 26. Qc3 Qb5 27. Qe3 Qa5 28. f4 Kf8 29. f5 Nc7 30. f6 Ne6 31. fxg7+ Kxg7 32. Qg3+ Kf8 33. Rf1 Qb6+ 34. Kh2 Bxb3 35. axb3 Ng7 36. Qf4 Qc7 37. Kh1 Rd6 38. Qe4 Rg6 39. Qxg6 1-0

[Event "Winnipeg TNT April op"]
[Site "Winnipeg"]
[Date "2011.04.05"]
[Round "1"]
[White "Wolchock, Theo"]
[Black "Mundwiler, Les"]
[Result "0-1"]
[WhiteElo "1619"]
[BlackElo "2019"]
[PlyCount "94"]
[EventDate "2011.04.05"]
[EventType "swiss"]
[EventRounds "4"]
[EventCountry "CAN"]
[SourceTitle "EXT 2022"]
[Source "ChessBase"]
[SourceDate "2021.10.06"]
[SourceVersion "1"]
[SourceVersionDate "2021.10.06"]
[SourceQuality "1"]

1. e4 e5 2. Nf3 Nc6 3. d4 exd4 4. Nxd4 Nf6 5. Nc3 Bb4 6. Nxc6 bxc6 7. Bd3 h6 8. 0-0 d6 9. h3 0-0 10. Re1 Re8 11. e5 dxe5 12. Rxe5 Be6 13. Re1 Qd7 14. Bf4 Bd6 15. Bxd6 cxd6 16. Qd2 Rab8 17. b3 c5 18. Bb5 Rxb5 19. Nxb5 Qxb5 20. Qxd6 c4 21. bxc4 Qxc4 22. Qd3 Qc7 23. Re2 Rd8 24. Qe3 Nd5 25. Qg3 Qc4 26. Rae1 Qxa2 27. Rd2 Rc8 28. Qb3 Qa5 29. Red1 Nc3 30. Qb2 Nxd1 31. Rxd1 Qc5 32. Rd2 a5 33. Qc1 a4 34. Qe1 a3 35. Qa1 a2 36. Rd1 Qxc2 37. Re1 Rb8 38. Rc1 Rb1 39. Rxb1 axb1Q+ 40. Qxb1 Qxb1+ 41. Kh2 Qb8+ 42. Kg1 Bd5 43. f3 Qb6+ 44. Kh2 Qf2 45. Kh1 h5 46. h4 g6 47. f4 Qxg2# 0-1

[Event "Winnipeg TNT March op"]
[Site "Winnipeg"]
[Date "2011.03.22"]
[Round "4"]
[White "Mundwiler, Les"]
[Black "Wolchock, Theo"]
[Result "1-0"]
[WhiteElo "2026"]
[BlackElo "1635"]
[PlyCount "59"]
[EventDate "2011.03.01"]
[EventType "swiss"]
[EventRounds "5"]
[EventCountry "CAN"]
[SourceTitle "EXT 2022"]
[Source "ChessBase"]
[SourceDate "2021.10.06"]
[SourceVersion "1"]
[SourceVersionDate "2021.10.06"]
[SourceQuality "1"]

1. e4 c5 2. Nf3 Nc6 3. d4 cxd4 4. Nxd4 Nf6 5. Nc3 d6 6. Be2 g6 7. 0-0 Bg7 8. Be3 0-0 9. Bf3 Bd7 10. h3 Rc8 11. g4 a6 12. Nce2 Ne5 13. Bg2 Qc7 14. b3 Bc6 15. Ng3 Rfd8 16. g5 Ne8 17. f4 Nd7 18. Qe1 e5 19. Nxc6 Qxc6 20. f5 Qxc2 21. Rd1 Qxa2 22. Rd2 Qxb3 23. Qf2 Kh8 24. Rb2 Qa3 25. Rxb7 Rc3 26. fxg6 fxg6 27. Qf7 Qa4 28. Bb6 Nxb6 29. Qf8+ Bxf8 30. Rxf8# 1-0

[Event "Winnipeg TNT March op"]
[Site "Winnipeg"]
[Date "2011.03.08"]
[Round "2"]
[White "Mundwiler, Les"]
[Black "Rutter, Blair A"]
[Result "1-0"]
[WhiteElo "2026"]
[BlackElo "1888"]
[PlyCount "95"]
[EventDate "2011.03.01"]
[EventType "swiss"]
[EventRounds "5"]
[EventCountry "CAN"]
[SourceTitle "EXT 2022"]
[Source "ChessBase"]
[SourceDate "2021.10.06"]
[SourceVersion "1"]
[SourceVersionDate "2021.10.06"]
[SourceQuality "1"]

1. d4 d5 2. c4 e6 3. Nc3 Nf6 4. Bg5 c6 5. e3 Nbd7 6. Nf3 Qa5 7. Bh4 Bb4 8. Qb3 Ne4 9. Rc1 0-0 10. a3 Bxc3+ 11. bxc3 f5 12. c5 h6 13. Bg3 g5 14. Bd6 Nxd6 15. cxd6 Qd8 16. c4 g4 17. Nd2 Nf6 18. c5 Rb8 19. g3 Bd7 20. h3 Kg7 21. hxg4 Nxg4 22. Nf3 b5 23. Bd3 a5 24. Ke2 b4 25. a4 Qf6 26. Qb2 Rbe8 27. Ne5 Nxe5 28. dxe5 Qg5 29. Qd4 Rh8 30. Rh4 Rb8 31. Kd2 b3 32. Qc3 Rb7 33. Qxa5 d4 34. Rxd4 b2 35. Rb1 Qh5 36. Rf4 Rhb8 37. Bc2 Qh2 38. Ke2 Qg2 39. Qc3 Qd5 40. Rd4 Qg2 41. a5 Be8 42. Rh4 Qd5 43. e4 fxe4 44. Bxe4 Qa2 45. Qe3 h5 46. Qg5+ Kf8 47. Rf4+ Bf7 48. Qh6+ 1-0